|
|
|
|
| LEADER |
00767nta a2200169 i 4500 |
| 001 |
dipl70557 |
| 005 |
20190405113003.0 |
| 008 |
180613s2016 hu om 0|| zxx d |
| 040 |
|
|
|a SZTE Diploma Repozitórium
|b hun
|
| 041 |
|
|
|a zxx
|
| 100 |
2 |
|
|a Kántorné Hunyadi Virág
|
| 245 |
1 |
3 |
|a Az értelmi fogyatékos személyek erkölcsi gondolkodásának társadalmi megítélése
|h [elektronikus dokumentum] /
|c Virág Kántorné Hunyadi
|
| 246 |
1 |
0 |
|a Social Judgement of Moral Thinking of Persons with Intellectual Disabilities
|h [elektronikus dokumentum]
|
| 260 |
|
|
|c 2016
|
| 650 |
|
4 |
|a Pedagógusképzés
|
| 700 |
2 |
|
|a Blaskovicsné Gál Zita
|e ths
|
| 856 |
4 |
0 |
|u http://diploma.bibl.u-szeged.hu/id/eprint/70557/1/2016_K%C3%A1ntorn%C3%A9_Hunyadi_Vir%C3%A1g_A7S5SZ_SZ.pdf
|z Dokumentum-elérés
|